|
|
|
|
| LEADER |
00000nam0a2200000 4500 |
| 001 |
314083 |
| 005 |
20231102002637.0 |
| 035 |
|
|
|a (RuTPU)RU\TPU\book\339494
|
| 090 |
|
|
|a 314083
|
| 100 |
|
|
|a 20160208d1973 k y0rusy50 ca
|
| 101 |
0 |
|
|a rus
|
| 102 |
|
|
|a RU
|
| 105 |
|
|
|a a z 001zy
|
| 200 |
1 |
|
|a Поверхностная энергия твердых металлических фаз
|f Д. М. Скоров, А. И. Дашковский, В. Н. Маскалец, В. К. Хижный
|
| 210 |
|
|
|a Москва
|c Атомиздат
|d 1973
|
| 215 |
|
|
|a 172 с.
|c ил.
|
| 320 |
|
|
|a Библиогр.: с. 162-170
|
| 606 |
1 |
|
|a Металлы
|x Поверхностная энергия
|2 stltpush
|3 (RuTPU)RU\TPU\subj\43172
|9 62728
|
| 610 |
1 |
|
|a поверхности
|
| 610 |
1 |
|
|a поверхностные явления
|
| 610 |
1 |
|
|a газовые пузыри
|
| 610 |
1 |
|
|a точечные дефекты
|
| 610 |
1 |
|
|a поры
|
| 610 |
1 |
|
|a скопления
|
| 610 |
1 |
|
|a поверхностная диффузия
|
| 610 |
1 |
|
|a изучение
|
| 610 |
1 |
|
|a поверхностное натяжение
|
| 610 |
1 |
|
|a оценка
|
| 675 |
|
|
|a 669:539.2
|v 4
|
| 701 |
|
1 |
|a Скоров
|b Д. М.
|g Дмитрий Михайлович
|
| 701 |
|
1 |
|a Дашковский
|b А. И.
|g Александр Иванович
|
| 701 |
|
1 |
|a Маскалец
|b В. Н.
|g Вадим Николаевич
|
| 701 |
|
1 |
|a Хижный
|b В. К.
|g Виталий Кириллович
|
| 801 |
|
1 |
|a RU
|b 63413507
|c 20160208
|
| 801 |
|
2 |
|a RU
|b 63413507
|c 20200717
|g RCR
|
| 942 |
|
|
|c BK
|